000 00770nam a2200217Ia 4500
003 GCL
008 140319s9999 xx 000 0 ara d
020 _a026090977
040 _aGCL /
_cGCL
082 0 4 _a025.4
_bط م
100 1 _aطارق محمود عباس
245 1 0 _aمجتمع المعلومات الرقمى /
_cطارق محمود عباس
260 _aالقاهرة :
_bالمركز الاصيل للنشر والتوزيع ،
_c2003
300 _a161 ص ؛
_c24 سم
650 0 4 _aالمكتبات
650 0 4 _aتكنولوجيا المعلومات
650 0 4 _aالمكتبات - برامج الحاسبات
650 0 4 _aالتكنولوجيا - برامج الحاسبات
650 0 4 _aالمكتبات الرقمية
942 _2ddc
_cBK
999 _c58147
_d58147